00681nam a2200193Ia 4500008004100000082002100041100002100062245003900083250001000122260005100132300001300183365002700196366000800223505002000231530000900251620014900260630003900409730003900448100315s9999 xx 000 0 und d b3012 a001.42  a"Michael, V.P. " aResearch Methodology in Management a3rd  aMumbai bHimalaya Publishing House  c1996  a312p.   eRupees d1 b90.00  f0  gTushar Jadhav  b-   a"Research in management, Types of Research, Research Design, the Process of Research, Data Collection & Analysis, Classification & Tabulation " aResearch Methodology in Management aResearch Methodology in Management